Opere edite e inedite di Antonio Rosmini-Serbati / 6 Compendio di etica / a cura die Enrico Castelli

Saved in:  
Bibliographic Details
Main Author: Rosmini, Antonio 1797-1855 (Author)
Contributors: Castelli, Enrico 1900-1977 (Editor)
Format: Print Book
Language:Italian
Subito Delivery Service: Order now.
Check availability: HBZ Gateway
WorldCat: WorldCat
Interlibrary Loan:Interlibrary Loan for the Fachinformationsdienste (Specialized Information Services in Germany)
Published: Roma Bocca 1937
In: Opere edite e inedite di Antonio Rosmini-Serbati
Year: 1937

MARC

LEADER 00000cam a22000002cc4500
001 1117766217
003 DE-627
005 20260116113155.0
007 tu
008 950913s1937 xx ||||| 00| ||ita c
035 |a (DE-627)1117766217 
035 |a (DE-576)047766212 
035 |a (DE-599)BSZ047766212 
035 |a (OCoLC)1409589975 
035 |a (OCoLC)312294405 
040 |a DE-627  |b ger  |c DE-627  |e rakwb 
041 |a ita 
084 |a 1  |2 ssgn 
100 1 |0 (DE-588)118602888  |0 (DE-627)134340922  |0 (DE-576)162789475  |4 aut  |a Rosmini, Antonio  |d 1797-1855 
109 |a Rosmini, Antonio 1797-1855  |a Serbati, Antonio R. 1797-1855  |a Rosmini Serbati, Antonio 1797-1855  |a Rosmini, A. 1797-1855  |a Serbati, Antonio Rosmini 1797-1855  |a Rosmini-Serbati, Antonio von 1797-1855  |a Rosmini-Serbati, Antoine 1797-1855  |a Serbati, Antonio Rosmini- 1797-1855  |a Rosmini-Serbati, A. 1797-1855  |a Rosmini-Serbati, Antonio 1797-1855 
245 1 0 |a Opere edite e inedite di Antonio Rosmini-Serbati  |n 6  |p Compendio di etica / a cura die Enrico Castelli  |c dir. Enrico Castelli 
264 1 |a Roma  |b Bocca  |c 1937 
300 |a XIII, 227 S.  |b Ill. 
336 |a Text  |b txt  |2 rdacontent 
337 |a ohne Hilfsmittel zu benutzen  |b n  |2 rdamedia 
338 |a Band  |b nc  |2 rdacarrier 
583 1 |a Archivierung prüfen  |c 20250927  |f DE-640  |z 3  |2 pdager 
601 |a Castell 
700 1 |e Hrsg.  |0 (DE-588)116472111  |0 (DE-627)135614449  |0 (DE-576)160539579  |4 edt  |a Castelli, Enrico  |d 1900-1977 
773 1 8 |a Opere edite e inedite di Antonio Rosmini-Serbati  |w (DE-627)1117766160  |w (DE-576)047766166  |g 6  |q 6  |7 nnam 
935 |a mteo 
951 |a MV 
ELC |b 1 
ITA |a 1  |t 1 
LOK |0 000 xxxxxcx a22 zn 4500 
LOK |0 001 4404525567 
LOK |0 003 DE-627 
LOK |0 004 1117766217 
LOK |0 005 20231109130002 
LOK |0 008 231109||||||||||||||||ger||||||| 
LOK |0 040   |a DE-21  |c DE-627  |d DE-21 
LOK |0 852   |a DE-21 
LOK |0 852 1  |c Kf II 38 b-6  |9 00 
LOK |0 935   |a dika  |a tub3 
LOK |0 939   |a 09-11-23  |b l01 
LOK |0 000 xxxxxcx a22 zn 4500 
LOK |0 001 2265249610 
LOK |0 003 DE-627 
LOK |0 004 1117766217 
LOK |0 005 20180111113504 
LOK |0 008 960325||||||||||||||||ger||||||| 
LOK |0 040   |a DE-21-35  |c DE-627  |d DE-21-35 
LOK |0 541   |e 1972/41055 
LOK |0 852   |a DE-21-35 
LOK |0 852 1  |c Fe 63.50-6  |m p  |9 00 
LOK |0 938   |k p 
LOK |0 939   |a 25-03-96  |b l01 
ORI |a SA-MARC-ixtheoa001.raw